Ways of reading / (Record no. 177219)

MARC details
000 -LEADER
fixed length control field 00819nam a22002537a 4500
005 - DATE AND TIME OF LATEST TRANSACTION
control field 20210212163939.0
010 ## - LCCN (DPL NO)
LC control number B-736876
020 ## - INTERNATIONAL STANDARD BOOK NUMBER
International Standard Book Number 9780415677479
035 ## - SYSTEM CONTROL NUMBER
System control number B-736876
037 ## - SOURCE OF ACQUISITION
Source of stock number/acquisition Gift/Eng/03-02-2021
082 ## - DEWEY DECIMAL CLASSIFICATION NUMBER
Classification number 808.042
245 ## - TITLE STATEMENT
Title Ways of reading /
Statement of responsibility, etc by Martin Montgomery [et al...]
250 ## - EDITION STATEMENT
Edition statement 4th ed.
260 ## - PUBLICATION, DISTRIBUTION, ETC. (IMPRINT)
Place of publication, distribution, etc Oxon
Name of publisher, distributor, etc Routledge
Date of publication, distribution, etc 2013
270 ## - ADDRESS
Address 2 Park Square, Milton Park, Abingdon
City Oxon
300 ## - PHYSICAL DESCRIPTION
Extent ix, 374p.:
Dimensions 25cm(pbk)
Other physical details ill.
500 ## - GENERAL NOTE
General note include glossary, bibliographical references and index
700 ## - ADDED ENTRY--PERSONAL NAME
Personal name Montgomery, Martin
700 ## - ADDED ENTRY--PERSONAL NAME
Personal name Durant, Alan
700 ## - ADDED ENTRY--PERSONAL NAME
Personal name Furniss, Tom
700 ## - ADDED ENTRY--PERSONAL NAME
Personal name Mills, Sara
942 ## - ADDED ENTRY ELEMENTS (KOHA)
Source of classification or shelving scheme Dewey Decimal Classification
Item type English Books
Call number suffix WAY
Classification part 808.042
Holdings
Withdrawn status Lost status Not for loan Collection code Home library Current library Date acquired Source of acquisition Full call number Barcode Copy number Koha item type
      Non-fiction Central Library Central Library 12/02/2021 Gift/Eng/03-02-2021 808.042 WAY B-736876 1 English Books

© Delhi Public Library
Hit Counter
free hit counter